Project appraisal document on a proposed credit in the amount of SDR 151.1 milion (US

保存先:
書誌詳細
団体著者: The World Bank
フォーマット: 図書
言語:Undetermined
出版事項: Washington DC The World Bank 2004
主題:
タグ: タグ追加
タグなし, このレコードへの初めてのタグを付けませんか!
Thư viện lưu trữ: Trung tâm Học liệu Trường Đại học Cần Thơ
LEADER 00750nam a2200181Ia 4500
001 CTU_94441
008 210402s9999 xx 000 0 und d
082 |a 332.7 
082 |b W927 
110 |a The World Bank 
245 0 |a Project appraisal document on a proposed credit in the amount of SDR 151.1 milion (US  |  220 milion equivalent and a grant from the global environment facility trust fund in the amount of US  |5 .25 milion to the socialist republic of Vietnam for a second rural energy project 
245 4 |c The World Bank 
260 |a Washington DC 
260 |b The World Bank 
260 |c 2004 
650 |a Environmental protection,Credit,Bank and banking 
904 |i Tuyến 
980 |a Trung tâm Học liệu Trường Đại học Cần Thơ